00523nam a2200121Ia 4500008004100000100003500041245011400076260005000190650000900240856006100249999001900310952007200329160909s9999 xx 000 0 und d aBayog, Maria Lourdes Geronimo, aImpact of Acculturation and Lifestyle Health Behaviors on Cardiovascular Health among Filipinos in California bUniversity of California, San Franciscoc2016 aFOOD uhttp://pqdtopen.proquest.com/doc/1802526298.html?FMT=ABS c304028d304028 001040aCLbCLd2016-09-15l0r2016-09-15 00:00:00w2016-09-15yET